000 00723cab a2200205 4500
001 WB2319-12
008 090401t1987 xxu||||| |||| 00| 0 eng d
035 _a(Sirsi) u536
041 _aeng
245 _aChurch roofs warning
260 _c1987
350 _a0
490 _aBuilding
_v252 (7496) 15/5/87 p11
520 _aAn internal consultation document from the Ecclesiastical Architects and Surveyors Association warns that design criteria for warm deck lead roofs may lead to increased failure rate, putting churches at risk.
650 _aBUILDING FAILURES
650 _aBUILT ENVIRONMENT-BUILDING ELEMENTS-COMPLETE BUILDING ELEMENTS-ROOFS
690 _aBUILT ENVIRONMENT
942 _n0
948 _c04/03/1997
999 _c247
_d247